000 00860nam a2200289Ia 4500
003 OSt
005 20221005042722.0
006 a|||||r|||| 00| 0
007 ta
008 221004b |||||||| |||| 00| 0 eng d
020 _a0822332930
_c1212.2
024 _a83211
037 _b18800, 30/03/2005, Segment Book Distributors
_cTextual
040 _aCRL
_cCRL
_beng
041 _2eng
_aeng
082 _aR3xN31x, P4
100 _aTaylor Charles
245 0 _aModern social imaginaries
260 _aDurham
_bDuke University Press U. K.
_c2004
300 _a215p.
_ccm.
490 _aPublic Planet Books
650 _a PHILOSOPHY
650 _a TAYLOR, ALFRED EDWARD
_9590796
650 _aPHILOSOPHERS
942 _hR3xN31x, P4
_cTEXL
_2cc
999 _c950743
_d950743